003700000a22001450004500060000800000082001500008100001900023245003400042250000600076260003600082260000900118300000800127490003800135650005100173 a100 a581.69 LON aLong, Harold C aPlants poisonous to livestock a2 aCambridge, The university press c1924 a120 aCambridge agricultural monographs aPlants-poisonous/poisonous plants/plants-toxic